Podnikateľská stratégia startupu bakalárska práca

Gespeichert in:
Bibliographische Detailangaben
1. Verfasser: Poljak, Dominik
Körperschaft: Fakulta podnikového manažmentu EU. Katedra manažmentu
Weitere Verfasser: Hagarová, Ráchel, 1990-
Format: Buch
Sprache:Slowakisch
Veröffentlicht: Bratislava 2017
Tags: Tag hinzufügen
Keine Tags, Fügen Sie das erste Tag hinzu!

MARC

LEADER 00000nbm a2200000 4500
001 0232543
005 20171215125559.3
041 0 |a slo 
044 |a SK 
245 1 0 |a Podnikateľská stratégia startupu  |b bakalárska práca  |c Dominik Poljak ; školiteľ: Ráchel Hagarová 
264 1 |a Bratislava  |c 2017 
300 |a 41 s. 
100 1 |a Poljak, Dominik 
700 1 |a Hagarová, Ráchel, 1990- 
710 2 |a Fakulta podnikového manažmentu EU. Katedra manažmentu